Kappel, Kai, Memento 1945? - [Rezension]

Saved in:
Bibliographic Details
Published in:Sehepunkte 9(2009), 9, Seite ?
Main Author: Falser, Michael (Author)
Document Type: Online Resource Article
Language:German
Published: 2009
Subjects:
Online Access:kostenfrei
Related Items:In: Sehepunkte
Rezension von: Memento 1945?
Author Notes:Michael Falser
LEADER 01538caa a22003492c 4500
001 1461028841
003 DE-627
005 20220811010656.0
007 cr uuu---uuuuu
008 130711s2009 xx |||||oo 00| ||ger c
035 |a (DE-627)1461028841 
035 |a (DE-576)391028847 
035 |a (DE-599)BSZ391028847 
035 |a (OCoLC)1340491038 
040 |a DE-627  |b ger  |c DE-627  |e rakwb 
041 |a ger 
100 1 |a Falser, Michael  |d 1973-  |0 (DE-588)133802345  |0 (DE-627)556387848  |0 (DE-576)275995801  |4 aut 
245 1 0 |a Kappel, Kai, Memento 1945? - [Rezension]  |c Michael Falser 
264 1 |c 2009 
336 |a Text  |b txt  |2 rdacontent 
337 |a Computermedien  |b c  |2 rdamedia 
338 |a Online-Ressource  |b cr  |2 rdacarrier 
500 |a Gesehen am 11.07.2013 
655 7 |a Rezension  |0 (DE-588)4049712-4  |0 (DE-627)106186019  |0 (DE-576)209083166  |2 gnd-content 
773 0 8 |i In  |t Sehepunkte  |d München : Ludwig-Maximilians-Univ., 2001  |g 9(2009), 9, Seite ?  |h Online-Ressource  |w (DE-627)33678273X  |w (DE-600)2062440-2  |w (DE-576)117978736  |x 1618-6168  |7 nnas 
773 1 8 |g volume:9  |g year:2009  |g number:9  |g pages:? 
787 0 8 |i Rezension von  |a Kappel, Kai, 1962 -   |t Memento 1945?  |d München : Dt. Kunstverl., 2008  |h 552 S.  |w (DE-627)534442668  |w (DE-576)291098509  |z 9783422067394  |z 3422067396 
856 4 0 |u http://www.sehepunkte.de/2009/09/15665.html  |x Verlag  |z kostenfrei  |3 Volltext  |7 0 
951 |a AR 
994 |u https://www.sehepunkte.de/2009/09/15665.html 
991 |a Rezension (Monographie, Zeitschrift, Aufsatz) 
999 |a KXP-PPN1461028841  |e 4978559650